El Abstencionismo en las elecciones presidenciales de Costa Rica: 1953-2002 /
Uloženo v:
| Hlavní autor: | |
|---|---|
| Médium: | Text |
| Témata: | |
| Tagy: |
Přidat tag
Žádné tagy, Buďte první, kdo vytvoří štítek k tomuto záznamu!
|
MARC
| LEADER | 00000 a a2200000 04500 | ||
|---|---|---|---|
| 001 | 15316 | ||
| 003 | |||
| 040 | |||
| 100 | |a Hernández Rodríguez, Oscar | ||
| 245 | |a El Abstencionismo en las elecciones presidenciales de Costa Rica: 1953-2002 / |c Oscar Hernández Rodríguez | ||
| 650 | |a COMPORTAMIENTO POLITICO | ||
| 650 | |a DISTRIBUCION GEOGRAFICA | ||
| 650 | |a ELECCIONES | ||
| 650 | |a VOTACION | ||
| 650 | |a DISTRIBUCION POR EDAD Y SEXO | ||
| 773 | |g número 98 (IV); páginas 71-85 | ||
| 999 | |c 33649 |d 33649 | ||
| 773 | 0 | |0 18728 |9 3039 |a Universidad de Costa Rica |d San José, Costa Rica Editorial UCR 1956- |o 17121 |t Revista de Ciencias Sociales/ |x 04825276 | |
